000 00588nam a2200205Ia 4500
005 20260429112018.0
008 260429s9999||||xx |||||||||||||| ||und||
020 _a9781032269245
041 _aEnglish
082 _a306.76
_bWOR
100 _aWorthen, Meredith
245 0 _aInterrogating the use of LGBTQ slurs :
_bstill smearing the queer? /
_cMeredith Worthen
250 _a1st ed.
260 _aNew Delhi :
_bRoutledge,
_c2024.
300 _axvii, 274 p.; pbk
650 _a Language and discrimination
650 _a Queer studies
650 _aLGBTQ studies
942 _cTB
999 _c51881
_d51881